000 00376nam a22001457a 4500
020 _a9781886529106
082 _a519.703 BER
100 _a Bertsekas, Dimitri P.
245 _a Neuro-dynamic programming
260 _aUSA
_bAthena Science
_c1996
300 _axiii, 491p. :
_e24 cm
650 _aMathematical optimization
700 _aDimitri P. Bertsekas
942 _cBK
999 _c11794
_d11794